[Event "New Zealand Championship"]
[Site "Palmerston North"]
[Date "2024.01.08"]
[Round "7.5"]
[White "Dive, Russell J"]
[Black "Lee, Miles"]
[Result "1-0"]
[WhiteElo "2194"]
[BlackElo "1968"]

1. Nf3 d5 2. c4 d4 3. g3 Nc6 4. d3 e5 5. Bg2 Bb4+ 6. Nbd2 a5 7. O-O Nf6 8. Qc2
Be7 9. a3 O-O 10. Rb1 h6 11. c5 Nd5 12. Nc4 Bf6 13. Bd2 Re8 14. b4 axb4 15.
axb4 Nc3 16. Bxc3 dxc3 17. e3 Bf5 18. Ne1 e4 19. Bxe4 Rxe4 20. dxe4 Be6 21. Qe2
Bxc4 22. Qxc4 Ne5 23. Qd5 Qc8 24. Kg2 c6 25. Qb3 Qg4 26. f3 Qg6 27. Nc2 Rd8 28.
Nd4 Ng4 29. Qxc3 Nxe3+ 30. Qxe3 Bxd4 31. Qe2 Bf6 32. Rfd1 Re8 33. b5 h5 34.
bxc6 bxc6 35. Rd6 h4 36. Rxc6 Qh5 37. Qd1 h3+ 38. Kh1 Ra8 39. f4 Qg6 40. f5 Qg5
41. Qe2 Kh7 42. Rd6 Ra3 43. Rd3 Rxd3 44. Qxd3 Be5 45. Rd1 Qe7 46. g4 Qh4 47.
Qf3 Kg8 48. c6 Bc7 49. Kg1 Be5 50. Kf1 Bxh2 51. Rd3 Be5 52. Qxh3 Qg5 53. Ke2
Qf6 54. Rd7 Bf4 55. Qb3 Kh7 56. Qxf7 Qb2+ 57. Kf3 Qc3+ 58. Kxf4 Qc1+ 59. Ke5
Qc5+ 60. Qd5 Qc3+ 61. Kd6 Qa3+ 62. Ke6 Qc3 63. e5 Qc1 64. f6 Kh8 65. fxg7+ Kh7
66. g8=Q+ Kxg8 67. Kf6+ Kh8 68. Rd8+ Kh7 69. Qf7+ Kh6 70. Qg6# 1-0

[Event "New Zealand Championship"]
[Site "Palmerston North"]
[Date "2024.01.08"]
[Round "7.6"]
[White "Qin, Oscar Shu Xuan"]
[Black "Steele, Hayden"]
[Result "0-1"]
[WhiteElo "1880"]
[BlackElo "1493"]

1. e4 d5 2. exd5 Nf6 3. d4 Bg4 4. Bb5+ Bd7 5. Bxd7+ Qxd7 6. c4 c6 7. d6 exd6 8.
Nf3 d5 9. b3 Bb4+ 10. Bd2 Qe7+ 11. Qe2 Ne4 12. O-O Nd7 13. cxd5 cxd5 14. Qb5
Bd6 15. Qxb7 O-O 16. Qxd5 Rac8 17. Bg5 Ndf6 18. Bxf6 Nxf6 19. Qf5 g6 20. Qd3
Nd5 21. Nbd2 Qb7 22. Nc4 Bb8 23. Rfe1 Nf4 24. Qe4 Qb5 25. Nfe5 Nd5 26. Ne3 Nc3
27. Qd3 Bxe5 28. Qxb5 Bxh2+ 29. Kxh2 Nxb5 30. Red1 f5 31. Rd3 Nd6 32. Nd5 Rc2
33. f3 f4 34. a4 Kg7 35. Re1 Rf5 36. Re5 g5 37. Nb4 Rb2 38. Rc5 Rf6 39. Rxg5+
Kf7 40. Kh3 Rh6+ 41. Kg4 Rxg2+ 42. Kxf4 Rf6+ 0-1

[Event "New Zealand Championship"]
[Site "Palmerston North"]
[Date "2024.01.08"]
[Round "7.8"]
[White "Zhang, Kendrick Botong"]
[Black "Milligan, Helen"]
[Result "1/2-1/2"]
[WhiteElo "1815"]
[BlackElo "1941"]

1. e4 e5 2. Nf3 Nc6 3. d4 exd4 4. Nxd4 Nf6 5. Nxc6 bxc6 6. e5 Qe7 7. Qe2 Nd5 8.
c4 Nb6 9. Nc3 Ba6 10. b3 O-O-O 11. Bb2 Re8 12. f4 f6 13. O-O-O fxe5 14. Qxe5
Qxe5 15. fxe5 Rxe5 16. c5 Bxf1 17. cxb6 Ba6 18. bxa7 Bb7 19. Rhe1 Rxe1 20. Rxe1
Bb4 21. a3 Bd6 22. Ne4 Bf4+ 23. Kc2 Ba8 24. g3 Bh6 25. g4 Bf4 26. h3 Rg8 27.
Rf1 Be3 28. Rf7 d5 29. Kd3 Bxa7 30. Ng5 Re8 31. Rxg7 Bb7 32. Bd4 c5 33. Bc3 h6
34. Nf7 d4 35. Ba5 Ba6+ 36. Kc2 Re2+ 37. Kd1 Re3 38. Nxh6 Bb6 39. Bxb6 cxb6 40.
b4 Rxh3 41. Nf5 1/2-1/2

[Event "New Zealand Championship"]
[Site "Palmerston North"]
[Date "2024.01.08"]
[Round "7.9"]
[White "VanMeter, Lester"]
[Black "Lu, Xiahan (Luna)"]
[Result "1/2-1/2"]
[WhiteElo "1810"]
[BlackElo "1471"]

1. d4 d5 2. Nf3 Nf6 3. c4 c6 4. g3 Bf5 5. Nc3 e6 6. Nh4 Bg4 7. f3 Bh5 8. Qb3
Qb6 9. c5 Qxb3 10. axb3 Be7 11. b4 O-O 12. b5 cxb5 13. Nxb5 Nc6 14. e3 g5 15.
g4 Bxg4 16. fxg4 gxh4 17. Nc3 h5 18. gxh5 Nxh5 19. Ra4 Kh8 20. e4 dxe4 21. Nxe4
Rfd8 22. Nd6 Bxd6 23. cxd6 Rxd6 24. d5 Rxd5 25. Rxh4 Kg7 26. Rg1+ Kf6 27. Be2
Rh8 28. Bd2 Rh7 29. b4 Ke7 30. Bc3 Ne5 31. Rxh5 Rxh5 32. Bxh5 Nd3+ 33. Ke2 Nf4+
34. Ke3 Nxh5 35. Bd4 b6 36. Ra1 Rd7 37. Rf1 f6 38. Ke4 f5+ 39. Ke3 Nf6 40.
Bxf6+ Kxf6 41. Ra1 e5 42. b5 Rd5 43. Rxa7 Rxb5 44. h4 Rb3+ 45. Kf2 f4 46. h5
Kf5 47. h6 Rh3 48. h7 b5 49. Rf7+ Kg6 50. Rb7 Rxh7 51. Rxb5 Kf5 52. Kg2 Re7 53.
Kf2 Kg4 54. Rb8 e4 55. Rg8+ Kf5 56. Rf8+ Ke5 57. Ra8 Rc7 58. Re8+ Kd5 59. Rd8+
Kc4 60. Rf8 Kd3 61. Rd8+ Kc3 62. Rf8 f3 63. Ke3 Re7 64. Rc8+ Kb4 65. Rc1 Rg7
66. Kxe4 1/2-1/2

[Event "New Zealand Championship"]
[Site "Palmerston North"]
[Date "2024.01.08"]
[Round "7.10"]
[White "Archer, Ollie"]
[Black "Chang, Yolanda"]
[Result "1/2-1/2"]
[WhiteElo "2024"]
[BlackElo "1595"]

1. c4 e6 2. Nc3 d5 3. d4 Nf6 4. cxd5 exd5 5. Bg5 c6 6. e3 h6 7. Bh4 Be7 8. Bd3
O-O 9. Qc2 Re8 10. Nge2 a5 11. O-O b5 12. Rae1 Nbd7 13. f3 Ba6 14. Nc1 Nb6 15.
Bf2 Bf8 16. e4 dxe4 17. fxe4 Ng4 18. e5 b4 19. Ne4 Bxd3 20. Nxd3 Qd5 21. Nf4
Qc4 22. Rc1 Qxc2 23. Rxc2 Nxf2 24. Kxf2 f6 25. Nd3 Rad8 26. Rxc6 Rxd4 27. Ke3
Red8 28. Nd6 fxe5 29. Rxb6 R4xd6 30. Rxd6 Bxd6 31. Ke4 Rc8 32. b3 Rc2 33. Rf2
Rxf2 34. Nxf2 Kf7 35. Kd5 Bc7 36. Ng4 e4 37. Kxe4 Ke6 38. h3 Bb6 39. Ne5
1/2-1/2

[Event "New Zealand Championship"]
[Site "Palmerston North"]
[Date "2024.01.08"]
[Round "7.11"]
[White "Forster, William"]
[Black "Gong, Daniel Hanwen"]
[Result "0-1"]
[WhiteElo "1790"]
[BlackElo "2319"]

1. Nf3 Nf6 2. c4 g6 3. Nc3 Bg7 4. d4 d6 5. e4 O-O 6. Bg5 Na6 7. Qd2 Qe8 8. Bd3
e5 9. d5 Nh5 10. g3 f6 11. Be3 f5 12. Bh6 Nc5 13. Bxg7 Kxg7 14. Nh4 fxe4 15.
Bxe4 Nxe4 16. Nxe4 Nf6 17. Nxf6 Rxf6 18. O-O Bh3 19. Rfc1 Qf7 20. Rc3 Rf8 21.
f3 h6 22. Qf2 g5 23. Ng2 Rxf3 24. Rxf3 Qxf3 25. Qxf3 Rxf3 26. Rd1 b6 27. Re1
Bxg2 28. Kxg2 Rd3 29. Re2 a5 30. Rf2 g4 31. Rc2 a4 32. Rf2 a3 33. b3 Rd1 34.
Re2 Rb1 35. Kf2 Rb2 36. Ke3 Kf6 37. Rd2 Rxd2 38. Kxd2 e4 39. Ke2 Ke5 40. Ke3 h5
0-1

[Event "New Zealand Championship"]
[Site "Palmerston North"]
[Date "2024.01.08"]
[Round "7.12"]
[White "Praveen, Jeeva"]
[Black "Ker, Anthony F"]
[Result "1-0"]
[WhiteElo "1640"]
[BlackElo "2249"]

1. e4 c5 2. Nf3 g6 3. d4 cxd4 4. Qxd4 Nf6 5. e5 Nc6 6. Qa4 Nd5 7. Qe4 Nc7 8.
Bf4 b5 9. Nc3 b4 10. Nb5 Nxb5 11. Bxb5 Qb6 12. Qd3 Bb7 13. O-O-O Rd8 14. h4 h6
15. e6 dxe6 16. Qxd8+ Qxd8 17. Rxd8+ Kxd8 18. Rd1+ Kc8 19. Ne5 Nxe5 20. Bxe5 f6
21. Bd7+ Kd8 22. Bxe6+ Ke8 23. Bc7 1-0

[Event "New Zealand Championship"]
[Site "Palmerston North"]
[Date "2024.01.08"]
[Round "7.13"]
[White "Ning, Isabelle Yixuan"]
[Black "Young, Cohen"]
[Result "1/2-1/2"]
[WhiteElo "1958"]
[BlackElo "1829"]

1. d4 Nf6 2. c4 e6 3. Nc3 Bb4 4. Bd2 O-O 5. Nf3 b6 6. e3 Bb7 7. Bd3 d6 8. O-O
Nbd7 9. a3 Bxc3 10. Bxc3 Qe7 11. Re1 e5 12. e4 g6 13. b4 Nh5 14. Bc2 c5 15.
dxc5 dxc5 16. bxc5 bxc5 17. Ba4 Nhf6 18. Qc2 Rab8 19. Rad1 Ba6 20. Ba1 Rfd8 21.
Qc3 Nb6 22. Bb3 Rd4 23. Nxd4 cxd4 24. Qc1 Nfd7 25. f4 Nc5 26. Ba2 f6 27. Bxd4
exd4 28. Rxd4 Kg7 29. e5 f5 30. Qc3 Nba4 31. Qe3 Rb2 32. Rd2 Rxd2 33. Qxd2 Bb7
34. Bb1 Qe6 35. Qd4 Qc6 36. e6+ Kh6 37. Qd5 Qb6 38. Qd4 Qc6 39. Qd5 Qb6 40. Qd4
Qc6 1/2-1/2

[Event "New Zealand Championship"]
[Site "Palmerston North"]
[Date "2024.01.08"]
[Round "7.14"]
[White "Liu, William Rui"]
[Black "Langford, Joshua"]
[Result "1-0"]
[WhiteElo "1853"]
[BlackElo "1869"]

1. e4 c6 2. d4 d5 3. exd5 cxd5 4. Bd3 Nc6 5. c3 e6 6. Bf4 Nge7 7. Nf3 f6 8. h4
Ng6 9. Bg3 Bd6 10. Qc2 Nge7 11. Bxd6 Qxd6 12. Bb5 Bd7 13. Nbd2 Rc8 14. Rd1 Kf7
15. O-O Nf5 16. Bxc6 Rxc6 17. Rfe1 Qf4 18. g3 Qg4 19. Nh2 Qg6 20. Qb3 Rb6 21.
Qa3 Ra6 22. Qb4 Rb8 23. Ndf3 Ra4 24. Qb3 Nd6 25. Nf1 Nc4 26. a3 Ra6 27. Qa2 Qc2
28. Qb1 Qxb2 29. Qxh7 Qxc3 30. Ne3 Rxa3 31. h5 Rg8 32. Qg6+ Kf8 33. h6 Ra2 34.
hxg7+ Rxg7 35. Qxf6+ Rf7 36. Qh8+ Ke7 37. Nxd5+ 1-0

[Event "New Zealand Championship"]
[Site "Palmerston North"]
[Date "2024.01.08"]
[Round "7.15"]
[White "McDougall, Euan"]
[Black "van der Hoorn, Thomas"]
[Result "1-0"]
[WhiteElo "1747"]
[BlackElo "1882"]

1. e4 c6 2. Ne2 d5 3. e5 Bf5 4. Nd4 Bg6 5. h4 h5 6. e6 Qd6 7. Qe2 a6 8. c3 c5
9. exf7+ Bxf7 10. Nf3 Nc6 11. d4 cxd4 12. cxd4 Nf6 13. Nc3 Nd7 14. g3 Qe6 15.
Be3 g6 16. Bg2 Nb6 17. O-O Bg7 18. a4 Bf6 19. a5 Nd7 20. Ng5 Bxg5 21. Bxd5 Nxd4
22. Qd1 Qg4 23. Qxg4 hxg4 24. Bxg5 Rb8 25. Kg2 e5 26. Rfd1 O-O 27. Be7 Bxd5+
28. Nxd5 Rf7 29. Bd6 Re8 30. Bxe5 Nb3 31. Ra3 Nxa5 32. Bf4 Nc4 33. Rc3 Nxb2 34.
Rb1 Na4 35. Rc7 Nac5 36. Bd6 Ne4 37. Bf4 Ndc5 38. Rb6 Rxc7 39. Bxc7 Rd8 40.
Rxg6+ Kf7 41. Rxg4 b5 42. h5 b4 43. h6 b3 44. Be5 Nd3 45. Rg7+ 1-0

[Event "New Zealand Championship"]
[Site "Palmerston North"]
[Date "2024.01.08"]
[Round "7.16"]
[White "Yu, Zachary"]
[Black "Xu, Luna Yuexiu"]
[Result "1-0"]
[WhiteElo "1861"]
[BlackElo "1407"]

1. d4 Nf6 2. c4 g6 3. Nc3 Bg7 4. e4 d6 5. Be2 O-O 6. Be3 e5 7. d5 Na6 8. h4 Nc5
9. Qc2 h5 10. f3 c6 11. b4 Ncd7 12. Nh3 a5 13. dxc6 bxc6 14. b5 d5 15. bxc6 d4
16. cxd7 Bxd7 17. Bf2 Bxh3 18. Rxh3 dxc3 19. Qxc3 Qc7 20. Kf1 Nd7 21. g4 hxg4
22. fxg4 Qc6 23. h5 Nc5 24. Bxc5 Qxc5 25. Rb1 Rad8 26. Rb5 Qe7 27. Qe3 gxh5 28.
Rxh5 Rd4 29. Rxa5 Rc8 30. Rf5 Qc7 31. Rd5 Qa7 32. a3 Rc5 33. Kg2 Rcxd5 34. cxd5
Qc7 35. Rf2 Qb6 36. g5 Qg6 37. Rf5 Qh7 38. Qh3 Qxh3+ 39. Kxh3 Rxe4 40. Bh5 Rd4
41. Bxf7+ Kh7 42. Kg2 e4 43. a4 Bf8 44. Be8 Kg7 45. g6 e3 46. Rf7+ Kg8 47. Bb5
Rg4+ 48. Kf3 Rxg6 49. Rc7 Bb4 50. Kxe3 Kf8 51. Kd4 Rh6 52. Rd7 Rh4+ 53. Ke5
Rh5+ 54. Ke6 Rh6+ 55. Kf5 Kg8 56. Rc7 Kf8 57. Rc6 Bd6 58. a5 Ke7 59. a6 Rf6+
60. Ke4 1-0

[Event "New Zealand Championship"]
[Site "Palmerston North"]
[Date "2024.01.08"]
[Round "7.17"]
[White "McDonald, Duncan"]
[Black "Braganza, Nadia"]
[Result "1-0"]
[WhiteElo "1657"]
[BlackElo "1808"]

1. e4 c5 2. c3 Nf6 3. e5 Nd5 4. Nf3 Nc6 5. Bc4 Nb6 6. Bb3 d5 7. exd6 Qxd6 8.
O-O e6 9. a4 Be7 10. a5 Nd7 11. d4 cxd4 12. cxd4 Nf6 13. Nc3 O-O 14. Nb5 Qd8
15. Bf4 a6 16. Nc7 Ra7 17. d5 Bd6 18. Nxe6 fxe6 19. Bxd6 Qxd6 20. dxc6 Qxd1 21.
Raxd1 bxc6 22. Rd6 Rb7 23. Bc4 Rxb2 24. Rxc6 Nd5 25. Ng5 Nf4 26. Rb6 Rc2 27.
Bb3 Rd2 28. Ne4 Re2 29. Nc5 Nd5 30. Rd6 Kf7 31. Nxa6 Ke7 32. Rc6 Bb7 33. Bxd5
Bxc6 34. Bxc6 Ra2 35. Nb4 Rxa5 36. Bf3 Rg5 37. Kh1 Rc5 38. Nd3 Rc3 39. Nc1 Rfc8
40. Ne2 Rc2 41. g4 e5 42. Re1 Kf6 43. Kg2 g6 44. Ng3 Rb8 45. Ne4+ Ke6 46. Ng5+
Kd6 47. Nxh7 Rbb2 48. Rf1 Rc4 49. Ng5 Rbb4 50. Rd1+ Ke7 51. h4 Kf8 52. Re1 Rb2
53. Rxe5 Rcc2 54. Ne4 Kf7 55. Kg3 Rb4 56. g5 Ra2 57. Bg4 Rc2 58. f3 Rbb2 59.
Nd6+ Kf8 60. Re8+ Kg7 61. Bh3 Rc1 62. Ne4 Rb7 63. Nf6 Rg1+ 64. Kf2 Ra1 65. Be6
Rb2+ 66. Ke3 Ra3+ 67. Kf4 Rxf3+ 68. Kxf3 Rb3+ 69. Kf4 Rf3+ 70. Ke5 Re3+ 71. Ne4
1-0

[Event "New Zealand Championship"]
[Site "Palmerston North"]
[Date "2024.01.08"]
[Round "7.18"]
[White "Wang, Justin Zhide"]
[Black "Zhu, David Junyang"]
[Result "1-0"]
[WhiteElo "1667"]
[BlackElo "1721"]

1. e4 e5 2. Nf3 Nc6 3. Bc4 Bc5 4. d3 Nf6 5. c3 a5 6. O-O d6 7. Bg5 h6 8. Be3
Bxe3 9. fxe3 Be6 10. Bxe6 fxe6 11. Qb3 Qc8 12. Na3 O-O 13. Nc4 a4 14. Qc2 b5
15. Ncd2 d5 16. exd5 exd5 17. e4 d4 18. Rfd1 Nh5 19. Nf1 Qg4 20. h3 Qg6 21. Nh4
Qg5 22. Nf5 Kh7 23. h4 Qf6 24. Qd2 Ne7 25. Nxe7 Qxe7 26. g3 Qf6 27. Qg2 a3 28.
cxd4 Qb6 29. Rd2 Qxd4+ 30. Kh2 Rf7 31. Qg1 Qb4 32. bxa3 Rxa3 33. Qe3 Nf6 34.
Kh3 Qd6 35. Nh2 Rd7 36. Rad1 Qe6+ 37. Kg2 Rd4 38. Qe2 Rda4 39. g4 Rxa2 40. g5
Nd7 41. Kg3 Rxd2 42. Rxd2 b4 43. Qh5 b3 44. Nf3 Nf8 45. gxh6 Qg6+ 46. Ng5+ Kh8
47. Rf2 gxh6 48. Rxf8+ Kg7 49. Rg8+ 1-0

[Event "New Zealand Championship"]
[Site "Palmerston North"]
[Date "2024.01.08"]
[Round "7.19"]
[White "Wang, Aaron Ziwen"]
[Black "Thurner, Anya"]
[Result "0-1"]
[WhiteElo "1669"]
[BlackElo "1648"]

1. d4 d5 2. Bf4 Nf6 3. Nf3 e6 4. e3 Be7 5. Nbd2 O-O 6. Bd3 b6 7. Ne5 c5 8. c3
Bb7 9. Qf3 Nbd7 10. Qh3 Re8 11. Nxd7 Qxd7 12. g4 g6 13. Qg2 cxd4 14. exd4 e5
15. Bxe5 Nxg4 16. O-O Nxe5 17. dxe5 Bc5 18. Qg3 d4 19. Ne4 Bxe4 20. Bxe4 Rad8
21. Rad1 Qe6 22. f4 dxc3+ 23. Kh1 f5 24. Bc2 Qc6+ 25. Qg2 Qxg2+ 26. Kxg2 cxb2
27. e6 b1=Q 28. Bxb1 Rxd1 29. Rxd1 Rxe6 30. Bd3 Kg7 31. Bc4 Rd6 32. Rxd6 Bxd6
33. Kf3 g5 34. fxg5 Bxh2 0-1

[Event "New Zealand Championship"]
[Site "Palmerston North"]
[Date "2024.01.08"]
[Round "7.20"]
[White "Baker, Ilias Angelo (Leo)"]
[Black "Timergazi, Layla"]
[Result "0-1"]
[WhiteElo "1649"]
[BlackElo "1995"]

1. e4 c6 2. d4 d5 3. Nd2 dxe4 4. Nxe4 Nf6 5. Nxf6+ exf6 6. c3 Bd6 7. Bd3 O-O 8.
Qc2 g6 9. Be3 Na6 10. Ne2 Nc7 11. O-O Nd5 12. Bd2 Re8 13. a3 Bg4 14. Rfe1 f5
15. h3 Qh4 16. c4 Bxe2 17. Bxe2 Nf6 18. Bf1 Ne4 19. Bc3 Nxf2 0-1

[Event "New Zealand Championship"]
[Site "Palmerston North"]
[Date "2024.01.08"]
[Round "7.21"]
[White "Burns, Christopher J"]
[Black "Gan, Emily Cathay"]
[Result "0-1"]
[WhiteElo "1926"]
[BlackElo "1570"]

1. e4 c5 2. Nc3 d6 3. d4 cxd4 4. Qxd4 Nc6 5. Qd2 Nf6 6. b3 e5 7. Bb2 a6 8.
O-O-O b5 9. f3 Be7 10. g4 Nxg4 11. fxg4 Bg5 12. Nd5 Bxd2+ 13. Rxd2 Bxg4 14. Rg2
Be6 15. Rxg7 Bxd5 16. exd5 Qf6 17. Nh3 Qxg7 18. dxc6 Rc8 19. Rg1 Qh6+ 20. Kb1
Rxc6 21. Bc1 Qe6 22. Ng5 Qf6 23. Bd3 h6 24. Ne4 Qh4 25. Rf1 Ke7 26. Ng3 Qxh2
27. Nf5+ Kd7 28. Be4 d5 29. Rh1 Qf2 30. Bd3 e4 31. Rf1 Qg2 32. Ne3 Qg6 33. Be2
h5 34. Nxd5 f5 35. Be3 Rd6 36. Nf4 Qf7 37. Rg1 h4 38. Nh3 Rg8 39. Ng5 Qf6 40.
Bc1 h3 41. Nxh3 Rxg1 42. Nxg1 f4 0-1

[Event "New Zealand Championship"]
[Site "Palmerston North"]
[Date "2024.01.08"]
[Round "7.22"]
[White "Metge, J Nigel"]
[Black "Malcolm, Leo"]
[Result "1-0"]
[WhiteElo "1787"]
[BlackElo "1688"]

1. d4 d5 2. c4 e6 3. Nc3 c5 4. e3 Nf6 5. Nf3 Nc6 6. a3 dxc4 7. Bxc4 a6 8. O-O
b5 9. Ba2 cxd4 10. exd4 Be7 11. Bg5 O-O 12. Qd3 Qb6 13. Rad1 h6 14. Bh4 Qa7 15.
Rfe1 Rd8 16. b4 Nh5 17. Bb1 g6 18. Qe3 Bxh4 19. Nxh4 Kg7 20. Nf3 Ne7 21. Ne5
Nf6 22. h4 Bb7 23. Nxf7 Re8 24. Nd6 Ng4 25. Qxe6 Qb8 26. Nxe8+ Qxe8 27. Qxg4
1-0

[Event "New Zealand Championship"]
[Site "Palmerston North"]
[Date "2024.01.08"]
[Round "7.23"]
[White "Yu, Weiyang (Cadence)"]
[Black "Sun, Wanyao Sarah"]
[Result "0-1"]
[WhiteElo "1551"]
[BlackElo "1614"]

1. e4 c6 2. d4 d5 3. exd5 cxd5 4. c4 Nf6 5. Nc3 e6 6. Nf3 Be7 7. c5 O-O 8. Bd3
Nc6 9. O-O b6 10. Qa4 Bd7 11. Bb5 Qc7 12. b4 a5 13. Bxc6 axb4 14. Qxb4 bxc5 15.
dxc5 Bxc6 16. Bf4 Qa7 17. Qb6 Rfc8 18. Be3 Qa3 19. Nb1 Qa4 20. Nc3 Qa5 21. Ne5
Ra6 22. Nxc6 Rxc6 23. Qb8+ Bf8 24. Bd4 Nd7 25. Qg3 Nxc5 26. f4 Qb4 27. Rad1 Na4
28. Nxa4 Rxa4 29. f5 exf5 30. Rxf5 h6 31. Rxd5 Rxa2 32. Rd8 Rg6 33. Qf3 Rgxg2+
34. Qxg2 Rxg2+ 35. Kxg2 Kh7 36. Bf2 Qe4+ 37. Kg1 Qg4+ 38. Bg3 Bc5+ 39. Kg2 Qe4+
40. Kh3 g5 41. Bd6 Qf3+ 42. Bg3 g4+ 43. Kh4 Be7+ 44. Kh5 Qf5# 0-1

[Event "New Zealand Championship"]
[Site "Palmerston North"]
[Date "2024.01.08"]
[Round "7.24"]
[White "Weng, Winston"]
[Black "Rowe, Abigail"]
[Result "1-0"]
[WhiteElo "1738"]
[BlackElo "1357"]

1. d4 Nf6 2. c4 e6 3. Nf3 Bb4+ 4. Bd2 Qe7 5. g3 b6 6. Bg2 Bb7 7. O-O Bxd2 8.
Qxd2 d6 9. Nc3 Nbd7 10. b4 c5 11. d5 cxb4 12. Nb5 O-O 13. dxe6 Ne4 14. exf7+
Rxf7 15. Qxb4 Ndc5 16. Nd2 Nxd2 17. Qxd2 Bxg2 18. Kxg2 a6 19. Qd5 Rd8 20. Nc3
Re8 21. Rab1 Qf6 22. Qd2 Rb8 23.Nd5 Qd8 24.f3 Nd7 25.Rfd1 Ne5 26.Ne3 Rf6 27.Rb2
Rg6 28.Qd5+ Nf7 29.a4 Kf8 30.Qd4 Qc7 31.Nd5 Qd8 32.Rdb1 Qg5 33.Rxb6 Re8 34.Rb8
Ne5 35.Rxe8+ Kxe8 36.Rb8+ Kf7 37.Qa7+ Ke6 38.Re8+ Kf5 39.e4#  1-0

[Event "New Zealand Championship"]
[Site "Palmerston North"]
[Date "2024.01.09"]
[Round "8.1"]
[White "Hague, Ben"]
[Black "Middelburg, Tom"]
[Result "1-0"]
[WhiteElo "2337"]
[BlackElo "2358"]

1. e4 c6 2. d4 d5 3. e5 Bf5 4. h4 h5 5. Bg5 Qb6 6. Bd3 Qxd4 7. Nf3 Qg4 8. Bxf5
Qxf5 9. c4 Qe4+ 10. Be3 e6 11. cxd5 Qxd5 12. Qc2 Bb4+ 13. Nc3 Qc4 14. O-O-O
Bxc3 15. bxc3 Ne7 16. Rd4 Qb5 17. Rhd1 Na6 18. Bg5 Qc5 19. Bxe7 Qxe7 20. Ng5
Nc5 21. Rf4 Rf8 22. Rfd4 g6 23. Qd2 f6 24. Nf3 fxe5 25. Nxe5 Rf5 26. Qh6 Rxf2
27. Qxg6+ Kf8 28. Rd7 Nd3+ 29. R1xd3 1-0

[Event "New Zealand Championship"]
[Site "Palmerston North"]
[Date "2024.01.09"]
[Round "8.2"]
[White "Croad, Nicolas"]
[Black "Steadman, Michael V R"]
[Result "1-0"]
[WhiteElo "2171"]
[BlackElo "2072"]

1. d4 d5 2. c4 e6 3. Nc3 c6 4. e3 a5 5. Bd3 Nf6 6. Nf3 Bb4 7. O-O O-O 8. Ne5
Nbd7 9. f4 Qc7 10. Qc2 Rd8 11. c5 Bxc3 12. Qxc3 Ne4 13. Bxe4 dxe4 14. Bd2 f5
15. Nc4 a4 16. b4 b5 17. cxb6 Nxb6 18. Na5 Bd7 19. Rfc1 Rdc8 20. Qb2 Qd6 21.
Rc5 Nd5 22. Rac1 Rab8 23. a3 Rb5 24. R5c2 Nb6 25. Nb7 Qe7 26. Nc5 Be8 27. Be1
Nd5 28. Bf2 Ra8 29. h3 Kf7 30. Kh2 g5 31. fxg5 Qxg5 32. Re1 Ke7 33. Qc1 Qh6 34.
Bg3 Bf7 35. Qd2 Bg6 36. Qf2 Be8 37. Bh4+ Nf6 38. Qg3 Ra7 39. Rf1 Qg6 40. Bxf6+
1-0

[Event "New Zealand Championship"]
[Site "Palmerston North"]
[Date "2024.01.09"]
[Round "8.3"]
[White "Steele, Hayden"]
[Black "Dive, Russell J"]
[Result "1/2-1/2"]
[WhiteElo "1493"]
[BlackElo "2194"]

1. e4 c6 2. d4 d5 3. f3 Nf6 4. e5 Nfd7 5. f4 e6 6. Nf3 b6 7. c3 Be7 8. Bd3 Ba6
9. h4 h5 10. Ng5 Nf8 11. f5 Bxd3 12. Qxd3 exf5 13. Qxf5 Bxg5 14. Bxg5 Qd7 15.
O-O Qxf5 16. Rxf5 Ne6 17. Nd2 a5 18. Be3 g6 19. Rf2 Ng7 20. Bg5 Nf5 21. Re1 Kd7
22. Nf3 Re8 23. Bf6 Na6 24. Ng5 Nxh4 25. Nxf7 Nf5 26. Rxf5 gxf5 27. Nd6 Rg8 28.
Nxf5 Nc7 29. Ng7 Ne6 30. Nxh5 Rg6 31. Kf2 Rag8 32. g3 Rh6 33. Rh1 c5 34. Rh4
cxd4 35. cxd4 Rc8 36. g4 Rc2+ 37. Ke3 Rg2 38. g5 Rg6 39. Nf4 Nxf4 40. Kxf4 Rxb2
41. Rh8 Rf2+ 42. Kg4 b5 43. Rd8+ Kc7 44. Rxd5 Rxa2 45. Rxb5 Rg8 46. Kf5 a4 47.
Ke6 a3 48. Kf7 Ra8 49. e6 Rf2 50. Rb1 a2 51. Rc1+ Kd6 52. e7 Ra7 53. Kg8 Re2
54. Ra1 Kd7 55. g6 Ke8 56. g7 Ra6 57. Kh7 Rh2+ 58. Kg6 Rg2+ 59. Kf5 Kf7 60.
e8=Q+ Kxe8 61. Re1+ Kd7 62. Re7+ Kc8 63. Re8+ Kb7 64. Re7+ Kc8 65. Re8+ Kb7 66.
Re7+ Kb6 67. Re6+ Kb5 68. Rxa6 Kxa6 69. d5 Kb5 70. Ba1 Kc5 71. Ke6 Rg1 72. Bb2
Rg2 73. Ba1 Rg1 1/2-1/2

[Event "New Zealand Championship"]
[Site "Palmerston North"]
[Date "2024.01.09"]
[Round "8.4"]
[White "Cilia Vincenti, David"]
[Black "Renjith, Sravan"]
[Result "0-1"]
[WhiteElo "1945"]
[BlackElo "2257"]

1. c4 e6 2. g3 d5 3. Bg2 c5 4. Nf3 Nc6 5. cxd5 exd5 6. d4 Nf6 7. O-O Be7 8.
dxc5 Bxc5 9. a3 a5 10. Bg5 Be6 11. Qc2 Be7 12. Nc3 O-O 13. Rfd1 Qd7 14. Na4
Rae8 15. Nc5 Bxc5 16. Qxc5 Ne4 17. Qc2 Rc8 18. Qd3 h6 19. Bf4 Rfd8 20. Rac1 Bf5
21. Qb3 Nf6 22. Ne5 Qe6 23. Nxc6 bxc6 24. Qe3 c5 25. Qxe6 fxe6 26. h3 a4 27. g4
Bh7 28. Be3 Nd7 29. h4 Kf8 30. g5 hxg5 31. hxg5 Ke7 32. Bh3 Rc6 33. Kg2 Rb8 34.
Rd2 Rb5 35. Bg4 Rcb6 36. f4 d4 37. Bf2 Rxb2 38. Rxb2 Be4+ 39. Bf3 Bxf3+ 40.
Kxf3 Rxb2 0-1

[Event "New Zealand Championship"]
[Site "Palmerston North"]
[Date "2024.01.09"]
[Round "8.5"]
[White "Fulo, Nunilon III"]
[Black "Carpinter, Anthony L"]
[Result "1/2-1/2"]
[WhiteElo "2002"]
[BlackElo "2080"]

1. e4 e6 2. d4 d5 3. Nc3 Nf6 4. Bg5 dxe4 5. Nxe4 Nbd7 6. Nf3 h6 7. Nxf6+ Nxf6
8. Bh4 Be7 9. Bd3 c5 10. O-O cxd4 11. Nxd4 Bf8 1/2-1/2

[Event "New Zealand Championship"]
[Site "Palmerston North"]
[Date "2024.01.09"]
[Round "8.6"]
[White "Gong, Daniel Hanwen"]
[Black "VanMeter, Lester"]
[Result "1-0"]
[WhiteElo "2319"]
[BlackElo "1810"]

1. d4 c5 2. d5 Nf6 3. Nc3 g6 4. e4 d6 5. f4 Bg7 6. Bb5+ Nfd7 7. a4 O-O 8. Nf3
Na6 9. O-O Nb4 10. Ne2 Nb6 11. a5 Bd7 12. Bxd7 Nxd7 13. c3 Na6 14. f5 c4 15.
Qe1 Nac5 16. Qh4 Nf6 17. Ng3 b5 18. Bh6 Bxh6 19. Qxh6 Ng4 20. Qh4 Nf6 21. Ng5
h5 22. Ne2 Nh7 23. Nxh7 Kxh7 24. g4 e5 25. f6 Qd7 26. Rf5 1-0

[Event "New Zealand Championship"]
[Site "Palmerston North"]
[Date "2024.01.09"]
[Round "8.7"]
[White "Chang, Yolanda"]
[Black "Smith, Robert W"]
[Result "0-1"]
[WhiteElo "1595"]
[BlackElo "2152"]

1. e4 c5 2. c3 d5 3. exd5 Nf6 4. Bb5+ Nbd7 5. d4 Nxd5 6. Nf3 e6 7. O-O cxd4 8.
Re1 Be7 9. Nxd4 Nc7 10. Bd3 Nf6 11. Nd2 O-O 12. N2f3 Bd7 13. Ne5 Qc8 14. Qf3
Rd8 15. h4 Be8 16. h5 h6 17. Ng4 Ncd5 18. Nxh6+ Kh8 19. Ng4 Nxg4 20. Qxg4 Nf6
21. Qh3 Qc5 22. h6 g6 23. Bf4 Qh5 24. Qg3 Qg4 25. Qxg4 Nxg4 26. Be4 e5 27. Bxb7
Rab8 28. Bf3 Bf6 29. Bxg4 exf4 30. Nb3 a5 31. Rab1 a4 32. Nc5 a3 33. Ne4 Be7
34. bxa3 Rxb1 35. Rxb1 f5 36. Rb7 Bh4 37. g3 Bc6 38. Rb4 Bxe4 39. gxh4 Rd2 40.
Bh3 Rd1+ 41. Bf1 Bd3 42. Rxf4 Rxf1+ 43. Kg2 Rc1 44. Rb4 Rxc3 45. Kg3 Kh7 46. h5
g5 47. a4 Be4+ 48. Kh2 Kxh6 49. Rb5 Ra3 50. a5 Rxa2 51. Kg3 Ra3+ 52. Kh2 Kxh5
53. f4 gxf4 54. Rb6 Rxa5 55. Rf6 Kg4 56. Rg6+ Kf3 57. Rg2 Rc5 58. Kg1 Rc1+ 59.
Kh2 Rc2 60. Kh1 Rc7 61. Kg1 Ke3 62. Rf2 Rg7+ 0-1